Eevee things she likes - Statistics

General Stats
  • This quiz has been taken 2 times
  • The average score is 9 of 37
Answer Stats
Answer % Correct
>:D
100%
ac villagers i love :)
50%
Allie
50%
Animal crossing
50%
Axolotls
50%
Beanie boos
50%
Callmehaley
50%
Cats
50%
dolphins :)
50%
Erik
50%
Fauna
50%
Frett
50%
froggy crossing
50%
Minecraft
50%
puddles
50%
sharks
50%
Squishmallows
50%
animals:)
0%
beach trip
0%
Blue from jurassic world
0%
Christmas
0%
cube steak and rice with gravy
0%
Disney princess Belle
0%
Disney Stitch
0%
Disney world
0%
first lounge fly bag
0%
Five nights at Freddy´s
0%
greys anatomy
0%
Guardians of the galaxy vols 1,2,3
0%
halloween
0%
horses
0%
ItsFunneh aka Krew
0%
jurassic World and park
0%
likes to collect stuffed animals
0%
lily
0%
Mac Cheese
0%
Marvel
0%
No matching quizzes found
Score Distribution
Percent of People with Each Score
Percentile by Number Answered
Your Score History
You have not taken this quiz